000 004600000a22001810004500
003 MACL
005 20160106170457.0
008 160106b xxu||||| |||| 00| 0 eng d
040 _aMACL
_cMACL
041 _aEnglish
082 _a900/HUS
100 _aHussain, M I
_929005
245 _aStudy package in History
260 _bTata McGraw Hill Publishing Com Ltd
_c1986
_aNew Delhi
350 _a7.50
650 _aHistory
_929006
942 _cBK
_k900/HUS
_2ddc
999 _c33741
_d33741